| 000 | 00957cam a22003017a 4500 | ||
|---|---|---|---|
| 003 | CHAP | ||
| 005 | 20220329143555.0 | ||
| 008 | 100615s1993 mx ad r 00010 spa d | ||
| 010 | _a98709 | ||
| 011 | _a99681 | ||
| 020 | _a9687270470 | ||
| 035 | _a110367 | ||
| 040 | _cCHAP | ||
| 082 | 0 | 4 |
_a547 _bM22 |
| 100 | 0 | 0 |
_aMcMurry, John. _973713 |
| 245 | 1 | 0 |
_aQuímica orgánica _c/por John McMurry |
| 260 |
_aMéxico, D.F. : _bIberoamérica, _cc1993 |
||
| 300 |
_axxvii, 1278 p. : _bilus., diagramas, gráfs., tablas |
||
| 534 |
_pTit. original : _tOrganic Chemistry. _cE.U.A., 1992, _b3 ed. |
||
| 590 |
_aBATCH-UPD _b10 _c20130110 _lUCH01 _h1639 |
||
| 590 |
_aBATCH-UPD _b10 _c20130410 _lUCH01 _h1030 |
||
| 590 |
_aBATCH-UPD _b10 _c20130914 _lUCH01 _h1806 |
||
| 590 |
_aCONVERSION _b10 _c20130109 _lUCH01 _h1355 |
||
| 650 | 1 | 4 |
_aQuímica orgánica. _993598 |
| 901 | _aBK | ||
| 942 | _cLIBRO | ||
| 949 |
_a547 M22 _bBC _cLIBRO _d33724002178389 _eLIBRO _h112803 _i110367 _si |
||
| 999 |
_c98709 _d98709 |
||